000 01733nam a22002774c 4500
003 AR-BaSMT
008 260430b2026 aga|||br|||| 000 1bspa d
020 _a9789877365818
040 _aBSGB
_bespañol
_cBSGB
_erda
041 0 _aspa
_hespañol
080 _a82-31
100 1 _aRoxicake
_9474
245 1 0 _aEscapa del Tocino
250 _aPrimera edición
264 _aBuenos aires :
_bAltea ,
_c2026
300 _a112 páginas ;
_bilustraciones color
336 _2rdacontent
_atexto
_btxt
337 _2rdamedia
_asin mediacion
_bn
338 _2rdacarrier
_avolumen
_bnc
520 1 _aCucarachoxi y Tocino son dos habitantes de ciudad Oxi, una ciudad que abraza a los marginales y en la que todos conviven en paz y armonía. Aunque son muy distintos, son mejores amigos. Un día, Cucarachoxi ve a su amigo caminando por la vereda, pero actúa muy raro, tiene un reloj retrofuturista y ¡oh! Acaba de disparar un rayo verde que hace desaparecer uno a uno a los habitantes de Ciudad Oxi. Cucarachoxi intenta hablarle pero ¡ZAP! También ella es teletransportada. Cuando despierta, está en una fábrica de juguetes abandonada. Con la intención de escapar, logra acceder a los conductos de ventilación y en su camino se da cuenta de que no hay un solo Tocino, sino 2, 3, ¡infinitos Tocinos! ¿qué está pasando? En este libro de escape, Cucarachoxi se irá encontrando con distintos personajes muy conocidos por todos los fanáticos de RoxiCake Gamer: Arañoxi, Cajoxi, Bananoxi, Roxisaurio. Y juntos deberán escapar y reestablecer el orden en Ciudad Oxi.
521 _aA partir de 7 años
650 7 _98
_aLITERATURA INFANTIL
650 7 _934
_aNOVELA DE AVENTURAS
942 _2ddc
_aBOOK
999 _c635
_d635